000 00749aam a2200301 4500
005 20240620162543.0
008 150227b2004 xxu||||| |||| 00| 0 spa d
020 _a9968873071
041 _aESP
082 _a581.467 G216f
100 _aGarcía, Elmer Guillermo
_929103
245 _aFrutos, semillas y plántulas del bosque seco de Costa Rica: fabaceas arborescentes
260 _aCosta Rica
260 _bAristos
260 _c2004
300 _a57 páginas
505 _aIncluye ilustraciones
650 _aBOTÁNICA
650 _aPLANTAS
650 _aFRUTOS
650 _aSEMILLAS
650 _aBOSQUE SECO
650 _aGERMINACIÓN
650 _aÁRBOLES
650 _aFENOLOGÍA
942 _cBK
_2ddc
999 _c3418
_d3418